Nové zákonné sociálne a zdravotné poistenie

Zákonné sociálne a zdravotné poistenie SZČO v roku 2013. Spôsob zistenia vymeriavacieho základu. Praktické príklady.

Na minha lista:
Detalhes bibliográficos
Autor principal: Pakšiová, Renáta, 1974-
Formato: Capítulo de Livro
Idioma:eslovaco
Assuntos:
Tags: Adicionar Tag
Sem tags, seja o primeiro a adicionar uma tag!

MARC

LEADER 00000naa a2200000 4500
001 0166373
005 20240502072910.9
041 0 |a slo 
044 |a SK 
245 1 0 |a Nové zákonné sociálne a zdravotné poistenie  |c Renáta Pakšiová 
520 |a Zákonné sociálne a zdravotné poistenie SZČO v roku 2013. Spôsob zistenia vymeriavacieho základu. Praktické príklady. 
610 2 0 |a legislatíva 
610 2 0 |a Slovensko 
610 2 0 |a poistenie sociálne 
610 2 0 |a poistenie zdravotné 
100 1 |a Pakšiová, Renáta, 1974-